Регионална библиотека "Любен Каравелов" - Русе

Момичето от портрета (Запис номер 516480)

MARC детайли
000 -Лидер
Лидер 00961nam a2200265 a 4500
003 - Код на организацията, давaща контролен номер
Код на организацията, даваща контролен номер BLK
005 - Дата и час на последна редакция
Дата и час на последна редакция 20250529160357.0
008 - Елементи от данни с фиксирана дължина
Елементи с фиксирана дължина 201211b bu |||||r|||| 00| | bu d
020 ## - Международен стандартен номер на книга ISBN
ISBN 9789542732549
040 ## - Източник на каталожния запис
Код на библиотеката BLK
041 ## - Код за език
Език Български
Език за КДБФ Български
080 ## - УДК
УДК текст Българска литература
УДК код 821.163.2
УДК – определител -312.4
УДК – код + определител 821.163.2-312.4
084 ## - Класификационен индекс по друга класификация
Авторски знак Лап - Л 24
100 ## - Редна дума - Автор
R(LIN) 394784
Автор Лаптева, Гергана Гришева
245 ## - Сведения за заглавието
Заглавие Момичето от портрета
Авторска отговорност Гергана Лаптева.
260 ## - Област на издателските данни
9 (RLIN) 209434
Място на издаване София
Име на издателя Егмонт България
Година на издаване 2024
Печатница София : Ропринт
300 ## - Физическа характеристика
Брой страници 542 с.
Размер 21 см
380 ## - Жанр
Жанр Худож. лит.
500 ## - Общи забележки
Обща забележка За автора: с. 542
852 ## - Местоположение
Сигнатура (форматна) Цб 324043
Отдел Хранилище
852 ## - Местоположение
Отдел Заемна - подръчен фонд
Систематично-азбучна сигнатура 821.163.2-31/Л 24 Г
942 ## - АРТИКУЛИ
Вид на библиотечния документ Книги
Скрит в OPAC Не
Периодичен библиозапис Да
Koha issues (borrowed), all copies 7
944 ## - СЪЗДАВАНЕ И РЕДАКЦИЯ на ЗАПИСА
Дата на регистрацията/редакция Нора Радева
Служител, извършил регистрацията/редакцията 30576
Номер на служител Цветомила Тодорова
999 ## - СИСТЕМНИ КОНТРОЛНИ НОМЕРА
Koha biblionumber 516480
Koha biblioitemnumber 516480
Наличности
Код за отписване Код за изгубен артикул Източник на класификационната схема Код за повреда Коз за рестрикции Код за отдаване Артикулен № Име на библиотеката - собственик Име на библиотеката, в която се намира в момента Статус (Текущо местоположение) Дата на вписване в системата Местоположение - отдел Цена в лева Инвентарен номер Систематично азбучна сигнатура Баркод Цена в евро Служебен тип на артикула
  Не е изгубен Universal Decimal Classification Не е повреден само за читалня ползва се в читалня 948327 Регионална библиотека "Любен Каравелов" Русе Регионална библиотека "Любен Каравелов" Русе Хранилище 2024-09-10 Хранилище 24.90 120000911668 Цб 324043 120000911668 12.73 Книги
  Не е изгубен Universal Decimal Classification Не е повреден   заемане за дома 963938 Регионална библиотека "Любен Каравелов" Русе Регионална библиотека "Любен Каравелов" Русе Заемна - подръчен фонд 2025-03-18 Заемна - подръчен фонд 17.43 120000918894 821.163.2-31/Л 24 Г 120000918894 8.91 Книги
Vip Innovations Ltd, Rousse, Bulgaria 2025